Conference League 24/25 - Fase Liga - Estadísticas

Estadísticas generales
  • Esta prueba ha sido intentada 36 veces
  • La puntuación promedio es 14 de 36
Estadísticas de respuestas
Posición País Equipo % Correcto
1 Inglaterra Chelsea
94%
15 España Betis
91%
3 Italia Fiorentina
79%
11 Chipre APOEL
64%
7 Polonia Legia
64%
2 Portugal Vitoria Guimaraes
61%
17 Bélgica Gent
55%
28 Kazajistan Astana
52%
4 Austria Rapid
48%
10 Irlanda Shamrock
48%
16 Alemania Heidenheim
45%
13 Grecia Panathinaikos
45%
25 Escocia Hearts
42%
9 Polonia Jagiellonia
42%
8 Bélgica Circulo Brujas
39%
18 Dinamarca Copenhague
39%
21 Eslovenia Celje
36%
23 Noruega Molde
36%
22 Chipre Omonia
36%
33 Bielorrusia Dinamo Minsk
33%
5 Suecia Djurgarden
33%
12 Chipre Pafos
33%
30 Finlandia HJK
30%
19 Islandia Vikingur
30%
26 Turquia Basaksehir
27%
6 Suiza Lugano
27%
31 Armenia Noah
27%
20 Bosnia Borac
21%
35 Austria LASK
21%
32 Gales New Saints
21%
14 Eslovenia Ljubljana
18%
27 República Checa Mlada
15%
24 Serbia TSC
15%
29 Suiza Gallen
12%
34 Irlanda del Norte Larne
12%
36 Moldavia Petrocub
12%
No se encontraron pruebas coincidentes
Distribución de puntuación
Porcentaje de gente con cada puntuación
Porcentaje por número respondido
Historial de tus puntuaciones
No has intentado esta prueba.